| 000 | 01461nam a2200205Ia 4500 | ||
|---|---|---|---|
| 999 |
_c3292 _d3292 |
||
| 020 | _a053461731X | ||
| 050 |
_aBF76.5 _bMIT |
||
| 100 | 1 | _aMitchell, Mark L. | |
| 110 | _aMark Mitchell, Janina Jolley. | ||
| 245 | 1 | 0 |
_aResearch design explained / _cMark Mitchell, Janina Jolley. |
| 250 | _aFifth edition. | ||
| 260 |
_aUSA _bWadsworth/ Thomson Learning _c2004 |
||
| 300 |
_axx, 570 pages : _billustrations ; _c25 cm. |
||
| 505 | _aPsychology and science -- Generating and refining research hypotheses -- Reading and evaluating research -- Measuring and manipulating variables: reliability and validity -- Beyond reliability and validity: the best measure for your study -- Introduction to descriptive methods -- Survey research -- Internal validity -- The simple experiment -- Expanding the simple experiment: the mulitple-group experiment -- Expanding the experiment: factorial designs -- Matched pairs, within-subjects, and mixed designs -- Singe-n designs and quasi-experiments -- Putting it all together: writing research proposals and reports -- APA's ethical code: implications for planning and conducting research -- Searching the literature -- Sample APA-style paper -- A beginning researcher's guide to statistics -- Statistical tables. | ||
| 650 | 0 |
_aPsychology _xResearch _xMethodology. |
|
| 650 | 0 |
_aPsychology, Experimental _xResearch _xMethodology. |
|
| 650 | 0 | _aExperimental design. | |
| 700 | 1 | _aJolley, Janina M. | |
| 942 | _cBK | ||